別の市区町村名が名前に入っている駅(北海道・東北編) - Statistics

General Stats
  • This quiz has been taken 14 times
    12 since last reset
  • The average score is 153 of 309
Answer Stats
駅のある都道府県 Answer % Correct
北海道千歳市 山形県 羽前千歳
92%
千葉県 千歳
92%
群馬県 沼田
92%
北海道赤井川村 北海道 赤井川
92%
北海道函館市 北海道 新函館北斗
92%
大阪府 | 福島県 福島
92%
北海道砂川市 大阪府 和泉砂川
83%
北海道共和町 愛知県 共和
83%
福島県 東福島
83%
北海道伊達市 福島県 伊達
83%
山形県 | 神奈川県 中川
83%
東京都 | 静岡県 長沼
75%
北海道福島町 | 福島県福島市 長野県 木曽福島
75%
大阪府 新福島
75%
福島県 南福島
75%
北海道 天塩中川
75%
北海道礼文町 北海道 礼文
75%
大阪府 | 愛知県 | 静岡県 清水
75%
大阪府 | 熊本県 池田
75%
北海道釧路町 北海道 釧路
75%
青森県平川市 鹿児島県 平川
75%
青森県鶴田町 栃木県 鶴田
75%
神奈川県 横浜
75%
青森県大間町 高知県 大間
75%
青森県新郷村 埼玉県 新郷
75%
岩手県八幡平市 秋田県 八幡平
75%
大阪府 | 岐阜県 | 東京都 山田
75%
大阪府 野田
75%
千葉県 野田市
75%
宮城県白石市 北海道 | 熊本県 白石
75%
宮城県大崎市 東京都 大崎
75%
宮城県柴田町 愛知県 柴田
75%
神奈川県 川崎
75%
秋田県湯沢市 新潟県 越後湯沢
75%
新潟県 ガーラ湯沢
75%
山形県山形市 鳥取県 恋山形
75%
山形県村山市 東京都 東村山
75%
山形県朝日町 三重県 朝日
75%
山形県川西町 大阪府 | 山口県 川西
75%
奈良県 郡山
75%
福島県昭和村 神奈川県 昭和
75%
愛知県 中島
75%
福島県石川町 青森県 石川
75%
滋賀県 | 長野県 | 高知県 平田
75%
福島県小野町 京都府 | 兵庫県 | 滋賀県 | +2 others 小野
75%
福島県広野町 兵庫県 広野
75%
群馬県 上州富岡
75%
福島県川内村 宮城県 | 岩手県 川内
75%
北海道石狩市 北海道 石狩沼田
67%
北海道京極町 京都府 西京極
67%
北海道富良野町 北海道 上富良野
67%
北海道 中富良野
67%
北海道天塩町 北海道 天塩川温泉
67%
北海道紋別市 | 福島県伊達市 北海道 伊達紋別
67%
兵庫県 川西池田
67%
北海道釧路市 北海道 釧路湿原
67%
北海道 東釧路
67%
北海道鶴居村 兵庫県 鶴居
67%
青森県黒石市 熊本県 黒石
67%
青森県十和田市 青森県 七戸十和田
67%
青森県平内町 岩手県 平内
67%
青森県藤崎町 福岡県 藤崎
67%
神奈川県 新横浜
67%
神奈川県 西横浜
67%
青森県三戸町 青森県 三戸
67%
宮城県蔵王町 宮城県 白石蔵王
67%
神奈川県 京急川崎
67%
神奈川県 新川崎
67%
宮城県美里町 長野県 美里
67%
秋田県 羽後本荘
67%
長野県 村山
67%
山形県中山町 愛媛県 伊予中山
67%
神奈川県 | 高知県 中山
67%
山形県大江町 京都府 | 愛知県 大江
67%
兵庫県 川西能勢口
67%
山形県三川町 北海道 | 新潟県 三川
67%
山形県庄内町 大分県 | 大阪府 庄内
67%
福島県 新白河
67%
福島県田村市 滋賀県 田村
67%
福島県国見町 宮城県 | 高知県 国見
67%
福島県川俣町 群馬県 川俣
67%
福島県柳津町 宮城県 | 岐阜県 柳津
67%
福島県三島町 愛媛県 伊予三島
67%
静岡県 三島
67%
福島県浅川町 徳島県 浅川
67%
東京都 千歳船橋
58%
東京都 武蔵砂川
58%
群馬県 上州福島
58%
北海道旭川市 秋田県 泉外旭川
58%
北海道東川町 埼玉県 東川口
58%
三重県 伊勢中川
58%
北海道清里町 山梨県 清里
58%
静岡県 新清水
58%
北海道広尾町 東京都 広尾
58%
北海道池田町 徳島県 阿波池田
58%
秋田県 十和田南
58%
群馬県 大間々
58%
宮城県仙台市 宮城県 仙台空港
58%
神奈川県 川崎大師
58%
秋田県井川町 静岡県 井川
58%
奈良県 大和新庄
58%
山形県南陽市 山口県 新南陽
58%
山形県 羽前中山
58%
山形県西川町 埼玉県 西川口
58%
三重県 伊勢朝日
58%
山形県戸沢村 秋田県 戸沢
58%
山形県小国町 青森県 中小国
58%
福島県郡山市 奈良県 近鉄郡山
58%
福島県磐梯町 福島県 磐梯熱海
58%
大阪府 | 香川県 昭和町
58%
福島県新地町 大阪府 北新地
58%
東京都 千歳烏山
50%
北海道 | 長崎県 千歳町
50%
北海道当別町 北海道 渡島当別
50%
福島県 福島学院前
50%
北海道上川町 京都府 上川口
50%
北海道中川町 福島県 会津中川
50%
大分県 豊後中川
50%
岩手県 清水原
50%
岩手県山田町 三重県 宇治山田
50%
高知県 土佐山田
50%
岩手県野田村 山口県 小野田
50%
大阪府 北野田
50%
大阪府 野田阪神
50%
佐賀県 肥前白石
50%
秋田県横手市 埼玉県 武蔵横手
50%
秋田県仙北市 岩手県 仙北町
50%
秋田県 羽後牛島
50%
秋田県 羽後太田
50%
秋田県 羽後境
50%
山形県新庄市 大阪府 上新庄
50%
和歌山県 紀伊新庄
50%
大阪府 下新庄
50%
千葉県 下総中山
50%
福島県白河市 東京都 清澄白河
50%
福島県中島村 富山県 越中中島
50%
群馬県 西富岡
50%
群馬県 東富岡
50%
東京都 砂川七番
42%
神奈川県 相模沼田
42%
宮崎県 福島高松
42%
秋田県 下川沿
42%
三重県 中川原
42%
和歌山県 紀伊清水
42%
熊本県 藤崎宮前
42%
青森県横浜町 神奈川県 北新横浜
42%
岩手県岩手町 岩手県 岩手飯岡
42%
富山県 越中山田
42%
和歌山県 紀伊山田
42%
京都府 山田川
42%
愛知県 野田新町
42%
東京都 大崎広小路
42%
神奈川県 川崎新町
42%
神奈川県 浜川崎
42%
福岡県 豊前川崎
42%
宮城県松島町 長野県 伊那松島
42%
徳島県 南小松島
42%
秋田県 羽後長野
42%
秋田県 羽後四ツ屋
42%
埼玉県 西川越
42%
大阪府 大江橋
42%
静岡県 三島田町
42%
東京都 昭和島
42%
高知県 土佐昭和
42%
三重県 平田町
42%
群馬県 小野上
42%
群馬県 小野上温泉
42%
兵庫県 小野町
42%
北海道長沼町 東京都 稲城長沼
33%
宮崎県 福島今町
33%
佐賀県 福島口
33%
広島県 福島町
33%
高知県 土佐上川口
33%
青森県 清水川
33%
北海道 浜小清水
33%
神奈川県 羽沢横浜国大
33%
青森県東北町 宮城県 東北福祉大前
33%
青森県 大間越
33%
岩手県 小山田
33%
高知県 山田西町
33%
山口県 小野田港
33%
山口県 南小野田
33%
秋田県羽後町 秋田県 羽後飯塚
33%
秋田県 羽後中里
33%
秋田県 羽後長戸呂
33%
奈良県 近鉄新庄
33%
山形県長井市 長崎県 小長井
33%
宮崎県 日向長井
33%
千葉県 京成中山
33%
鳥取県 中山口
33%
兵庫県 中山寺
33%
千葉県 東中山
33%
島根県 朝日ヶ丘
33%
福岡県 筑前庄内
33%
宮崎県 日向庄内
33%
福島県下郷町 山口県 周防下郷
33%
北海道 昭和橋
33%
長野県 川中島
33%
北海道 中島公園
33%
大阪府 西中島南方
33%
石川県 能登中島
33%
東京都 石川台
33%
神奈川県 石川町
33%
青森県 石川プール前
33%
福島県平田村 島根県 雲州平田
33%
宮城県 陸前小野
33%
兵庫県 広野ゴルフ場前
33%
福島県富岡町 神奈川県 京急富岡
33%
広島県 下川辺
25%
千葉県 上総中川
25%
埼玉県 武州中川
25%
栃木県 野州平川
25%
千葉県 上総山田
25%
大分県 北山田
25%
三重県 山田上口
25%
北海道 野田生
25%
岡山県 美作大崎
25%
秋田県 羽後岩谷
25%
秋田県 羽後亀田
25%
富山県 新庄田中
25%
富山県 東新庄
25%
北海道 大中山
25%
大分県 中山香
25%
兵庫県 中山観音
25%
福島県 中山宿
25%
宮城県 中山平温泉
25%
栃木県 西川田
25%
滋賀県 朝日大塚
25%
滋賀県 朝日野
25%
京都府 大江高校前
25%
山形県大蔵村 兵庫県 大蔵谷
25%
東京都 祖師ヶ谷大蔵
25%
広島県 備後三川
25%
愛知県 庄内通
25%
愛知県 庄内緑地公園
25%
静岡県 三島広小路
25%
静岡県 三島二日町
25%
神奈川県 鶴見小野
25%
愛知県 富岡前
25%
長崎県 新地中華街
25%
北海道沼田町 新潟県 魚沼田中
17%
広島県 上川立
17%
愛知県 大清水
17%
千葉県 清水公園
17%
愛媛県 清水町
17%
青森県南部町 神奈川県 南部市場
17%
岩手県 岩手二日町
17%
岩手県 岩手船越
17%
鹿児島県 北永野田
17%
鹿児島県 野田郷
17%
愛知県 野田城
17%
宮城県川崎町 高知県 江川崎
17%
香川県 松島二丁目
17%
山梨県 小井川
17%
富山県 沢中山
17%
千葉県 原木中山
17%
京都府 大江山口内宮
17%
北海道 中島公園通
17%
大分県 小野屋
17%
岐阜県 関富岡
17%
長崎県 新中川町
8%
北海道清水町 京都府 石清水八幡宮
8%
福島県 岩代清水
8%
岩手県 岩手上郷
8%
香川県 沖松島
8%
岩手県 奥中山高原
8%
鹿児島県 朝日通
8%
長崎県 昭和町通
8%
福島県大熊町 福岡県 豊前大熊
8%
北海道下川町 静岡県 下川合
0%
山口県 南中川
0%
神奈川県 二子新地
0%
No matching quizzes found
Score Distribution
Percent of People with Each Score
Percentile by Number Answered
Your Score History
You have not taken this quiz since the last reset